[Event "Olympiad-43"]
[Site "Batumi"]
[Date "2018.09.28"]
[Round "5.45"]
[White "Kang, Taehyung"]
[Black "Kjartansson, Gudmundur"]
[Result "0-1"]
[WhiteElo "1860"]
[BlackElo "2428"]
[PlyCount "64"]
[EventDate "2018.09.24"]
[EventType "team-swiss"]
[EventRounds "11"]
[EventCountry "GEO"]
[SourceTitle "CBM 187"]
[Source "ChessBase"]
[SourceDate "2018.12.11"]
[SourceVersion "1"]
[SourceVersionDate "2018.12.11"]
[SourceQuality "1"]
[WhiteTeam "South Korea"]
[BlackTeam "Iceland"]
[WhiteTeamCountry "KOR"]
[BlackTeamCountry "ISL"]

1. e4 c5 2. Nf3 Nc6 3. d4 cxd4 4. Nxd4 e6 5. Nb5 d6 6. c4 Nf6 7. N1c3 a6 8. Na3 Be7 9. Be2 0-0 10. 0-0 b6 11. Bf4 Bb7 12. Bg3 Rc8 13. Rc1 Nb8 14. Bd3 Nbd7 15. Nc2 Nc5 16. Re1 Nh5 17. b4 Nxd3 18. Qxd3 Qc7 19. Ne3 Rfd8 20. Qe2 Nxg3 21. hxg3 Bf6 22. f3 Be5 23. g4 Bd4 24. Qd3 Qxc4 25. Red1 Qxd3 26. Rxd3 Rc4 27. Ne2 Rxc1+ 28. Nxc1 Bf6 29. Nb3 Kf8 30. Nc4 d5 31. exd5 Bxd5 32. Nxb6 Bxb3 0-1

[Event "Asia Eastern-ch U20"]
[Site "Gangneung"]
[Date "2018.08.08"]
[Round "9"]
[White "Kang, Taehyung"]
[Black "Quizon, Daniel"]
[Result "0-1"]
[WhiteElo "1793"]
[BlackElo "2285"]
[PlyCount "94"]
[EventDate "2018.08.02"]
[EventType "swiss"]
[EventRounds "9"]
[EventCountry "KOR"]
[SourceTitle "CBM 186 Extra"]
[Source "ChessBase"]
[SourceDate "2018.08.24"]
[SourceVersion "1"]
[SourceVersionDate "2018.08.24"]
[SourceQuality "1"]

1. e4 c5 2. Nf3 e6 3. d4 cxd4 4. Nxd4 a6 5. Bd3 Nf6 6. c4 Qc7 7. Nc3 b6 8. 0-0 Bb7 9. Be3 d6 10. Rc1 Nbd7 11. f3 Be7 12. b4 0-0 13. Nb3 Rfe8 14. a4 Qb8 15. a5 d5 16. c5 bxc5 17. Nxc5 Nxc5 18. bxc5 Qc7 19. c6 Bxc6 20. exd5 exd5 21. Bb6 Qb7 22. Ne2 Bd8 23. Rb1 Bb5 24. Bxd8 Rexd8 25. Nd4 Qc7 26. Kh1 Rf8 27. Bxb5 axb5 28. Rxb5 Rxa5 29. Rxa5 Qxa5 30. Qd3 Re8 31. g3 g6 32. Kg2 h5 33. Rc1 Qa2+ 34. Rc2 Qa1 35. Rc6 Qb2+ 36. Rc2 Qb4 37. Rc6 Qb2+ 38. Rc2 Qa1 39. Rc6 Kg7 40. Qd2 Nd7 41. Rc7 Ne5 42. Nb3 Qa8 43. Qb2 Kg8 44. Nd4 Nc4 45. Qc1 Qa2+ 46. Kg1 Rb8 47. Qc2 Rb1+ 0-1